| 000 | 00371nam a2200133Ia 4500 | ||
|---|---|---|---|
| 005 | 20260328104306.0 | ||
| 008 | 260328s9999||||xx |||||||||||||| ||und|| | ||
| 100 | _aAsensio Cerver, Francisco | ||
| 245 | 0 |
_aEl Gran Libro de la Decoración del Hogar / _cFrancisco Asensio Cerver |
|
| 260 | _bArco | ||
| 300 | _a252 p. | ||
| 650 | _aDECORACIÓN DE INTERIORES | ||
| 942 | _cBK | ||
| 999 |
_c10775 _d10775 |
||